UNOFFICIAL HISTORY (Record no. 582917)

000 -LEADER
fixed length control field 00260nam a22001217a 4500
082 ## - DEWEY DECIMAL CLASSIFICATION NUMBER
Classification number 355.02 SLI'U
100 ## - MAIN ENTRY--PERSONAL NAME
Personal name SLIM, SIR WILLIAM
9 (RLIN) 46240
245 ## - TITLE STATEMENT
Title UNOFFICIAL HISTORY
250 ## - EDITION STATEMENT
Edition statement 4TH
260 ## - PUBLICATION, DISTRIBUTION, ETC.
Place of publication, distribution, etc. LONDON
Name of publisher, distributor, etc. CASSELL
Date of publication, distribution, etc. 1960
300 ## - PHYSICAL DESCRIPTION
Extent 242P
942 ## - ADDED ENTRY ELEMENTS (KOHA)
Koha item type Book
Holdings
Withdrawn status Lost status Damaged status Not for loan Permanent Location Current Location Shelving location Date acquired Total Checkouts Full call number Barcode Date last seen Price effective from Koha item type
        College of Electrical & Mechanical Engineering (CEME) College of Electrical & Mechanical Engineering (CEME) General Stacks 06/09/2017   355.02 SLI'U CEME-9100 06/28/2021 06/28/2021 Book
© 2023 Central Library, National University of Sciences and Technology. All Rights Reserved.